00723nam a22002057a 4500999001900000005001700019010001300036020002600049035001200075037001600087082001100103100002400114245005700138246003700195260005300232270005900285300002100344942003000365952012200395 c194359d19435920221216112342.0 aUR-11797 a9789383533640c300.00 aU-10352 bDBAD/PUBa- a841.08 aچونچ گیاوي aذرا بچ کے /cچونچ گیاويhا ر د و aZara Bach Ke /bby Chonch Gayavi aNew DelhibEducational Publishing Housec2020 ء aH.o. D1/16, Ansari Road, Darya GanjbNew Delhie110002 a160 صc22cm(Hb) 2ddccURmچ و نh841.08 001040708NFICaLbLd2022-12-16eDBAD/PUBg300.00l0o841.08 چ و نpU-10352r2022-12-16 00:00:00t1v300.00yUR